Useful trees and shrubs for Tanzania : (Record no. 3008)
[ view plain ]
| 000 -LEADER | |
|---|---|
| fixed length control field | 01647nam a2200385 4500 |
| 001 - CONTROL NUMBER | |
| control field | 3050307 |
| 005 - DATE AND TIME OF LATEST TRANSACTION | |
| control field | 20150318161040.0 |
| 007 - PHYSICAL DESCRIPTION FIXED FIELD--GENERAL INFORMATION | |
| fixed length control field | 000 |
| 008 - FIXED-LENGTH DATA ELEMENTS--GENERAL INFORMATION | |
| fixed length control field | 000 |
| 010 ## - LIBRARY OF CONGRESS CONTROL NUMBER | |
| LC control number | 95980407 |
| 020 ## - INTERNATIONAL STANDARD BOOK NUMBER | |
| International Standard Book Number | 9966896163 |
| 040 ## - CATALOGING SOURCE | |
| Original cataloging agency | UOEL |
| Transcribing agency | DLC |
| 042 ## - AUTHENTICATION CODE | |
| Authentication code | lcode |
| 043 ## - GEOGRAPHIC AREA CODE | |
| Geographic area code | f-tz--- |
| 050 00 - LIBRARY OF CONGRESS CALL NUMBER | |
| Classification number | SB171.T34 |
| Item number | U83 1994 |
| 082 00 - DEWEY DECIMAL CLASSIFICATION NUMBER | |
| Classification number | 634.9/7 |
| Edition number | 20 |
| 245 00 - TITLE STATEMENT | |
| Title | Useful trees and shrubs for Tanzania : |
| Remainder of title | identification, propagation, and management for agricultural and pastoral communities / |
| Statement of responsibility, etc | L.P. Mbuya ... [et al.]. |
| 260 ## - PUBLICATION, DISTRIBUTION, ETC. (IMPRINT) | |
| Place of publication, distribution, etc | Nairobi, Kenya : |
| Name of publisher, distributor, etc | Regional Soil Conservation Unit, Swedish International Development Authority, |
| Date of publication, distribution, etc | c1994. |
| 300 ## - PHYSICAL DESCRIPTION | |
| Extent | xx, 542 p. : |
| Other physical details | ill., maps ; |
| Dimensions | 26 cm. |
| 490 1# - SERIES STATEMENT | |
| Series statement | Technical handbook ; |
| Volume number/sequential designation | no. 6 |
| 500 ## - GENERAL NOTE | |
| General note | "The book is also partly based on A selection of useful trees and shrubs for Kenya ..."--P. vii. |
| 504 ## - BIBLIOGRAPHY, ETC. NOTE | |
| Bibliography, etc | Includes bibliographical references (p. 539). |
| 650 #0 - SUBJECT ADDED ENTRY--TOPICAL TERM | |
| Topical term or geographic name as entry element | Tree crops |
| Geographic subdivision | Tanzania |
| General subdivision | Handbooks, manuals, etc. |
| Topical term or geographic name as entry element | Multipurpose trees |
| Geographic subdivision | Tanzania |
| General subdivision | Handbooks, manuals, etc. |
| Topical term or geographic name as entry element | Multipurpose shrubs |
| Geographic subdivision | Tanzania |
| General subdivision | Handbooks, manuals, etc. |
| Topical term or geographic name as entry element | Trees |
| General subdivision | Utilization |
| Geographic subdivision | Tanzania |
| General subdivision | Handbooks, manuals, etc. |
| Topical term or geographic name as entry element | Shrubs |
| General subdivision | Utilization |
| Geographic subdivision | Tanzania |
| General subdivision | Handbooks, manuals, etc. |
| 700 1# - ADDED ENTRY--PERSONAL NAME | |
| Personal name | Mbuya, L. P. |
| 710 1# - ADDED ENTRY--CORPORATE NAME | |
| Corporate name or jurisdiction name as entry element | Sweden. |
| Subordinate unit | Regionala markvårdsenheten |
| 730 0# - ADDED ENTRY--UNIFORM TITLE | |
| Uniform title | Selection of useful trees and shrubs for Kenya. |
| 830 #0 - SERIES ADDED ENTRY--UNIFORM TITLE | |
| Uniform title | Technical handbook (Nairobi, Kenya) ; |
| Volume number/sequential designation | no. 6. |
| 906 ## - LOCAL DATA ELEMENT F, LDF (RLIN) | |
| a | 7 |
| b | cbc |
| c | origode |
| d | 2 |
| e | ncip |
| f | 19 |
| g | y-gencatlg |
| 942 ## - ADDED ENTRY ELEMENTS (KOHA) | |
| Source of classification or shelving scheme | Library of Congress Classification |
| Item type | Loan - Normal on open shelf |
| Withdrawn status | Lost status | Source of classification or shelving scheme | Damaged status | Not for loan | Home library | Current library | Shelving location | Date acquired | Total Checkouts | Full call number | Barcode | Date last seen | Copy number | Price effective from | Koha item type |
|---|---|---|---|---|---|---|---|---|---|---|---|---|---|---|---|
| Library of Congress Classification | UOE Main Library | UOE Main Library | Open shelf | 18/03/2015 | SB171.T34 U83 1994 | 10031099 | 27/04/2026 | 10031099 | 18/03/2015 | Loan - Normal on open shelf |
